| 000 | 00521nam a22002417a 4500 | ||
|---|---|---|---|
| 003 | UA-OsUOA | ||
| 001 | 27644 | ||
| 007 | ta | ||
| 008 | 20040909b un ||||| |||| 00| 0 ukr d | ||
| 100 | _aБэлза Игорь | ||
| 090 |
_a929:78 _bБ97 |
||
| 942 | _cBK | ||
| 040 |
_aUA-OsUOA _brus _cUA-OsUOA _dUA-OsUOA |
||
| 245 | _aШопен | ||
| 300 | _a376 с. | ||
| 955 | _a0 | ||
| 041 | _arus | ||
| 080 | _a929:78 | ||
| 260 |
_aМосква _bНаука _c1968 |
||
| 044 | _aRU | ||
| 650 | 7 | _2UDC | |
| 999 |
_c313994 _d313994 |
||